[Event "Tata Steel Masters"]
[Date "2026.01.31"]
[White "Keymer, Vincent"]
[Black "Nguyen, Thai Dai Van"]
[WhiteElo "2776"]
[BlackElo "2656"]
[Round "12.12.1"]
[Result "1-0"]

e4 {[%clk 01:59:58] [%emt 00:00:02]} e5 {[%clk 01:59:43] [%emt 00:00:16]} Nf3
{[%clk 01:59:54] [%emt 00:00:04]} Nf6 {[%clk 01:59:37] [%emt 00:00:06]} Nxe5
{[%clk 01:59:50] [%emt 00:00:04]} d6 {[%clk 01:59:30] [%emt 00:00:07]} Nf3
{[%clk 01:59:47] [%emt 00:00:03]} Nxe4 {[%clk 01:59:23] [%emt 00:00:07]} d3
{[%clk 01:59:45] [%emt 00:00:03]} Nf6 {[%clk 01:59:14] [%emt 00:00:08]} d4
{[%clk 01:59:43] [%emt 00:00:02]} g6 {[%clk 01:58:42] [%emt 00:00:31]} Bb5+
{[%clk 01:59:13] [%emt 00:00:30]} c6 {[%clk 01:57:24] [%emt 00:01:18]} Bd3
{[%clk 01:59:09] [%emt 00:00:04]} Bg7 {[%clk 01:57:13] [%emt 00:00:10]} Qe2+
{[%clk 01:59:06] [%emt 00:00:04]} Qe7 {[%clk 01:56:31] [%emt 00:00:42]} Qxe7+
{[%clk 01:59:01] [%emt 00:00:05]} Kxe7 {[%clk 01:56:26] [%emt 00:00:04]} O-O
{[%clk 01:58:57] [%emt 00:00:05]} Na6 {[%clk 01:51:11] [%emt 00:05:15]} c3
{[%clk 01:48:21] [%emt 00:10:36]} Be6 {[%clk 01:35:15] [%emt 00:15:55]} Nbd2
{[%clk 01:32:46] [%emt 00:15:35]} Nc7 {[%clk 01:23:41] [%emt 00:11:35]} Nc4
{[%clk 01:27:52] [%emt 00:04:55]} Rhe8 {[%clk 01:16:52] [%emt 00:06:48]} a4
{[%clk 01:18:58] [%emt 00:08:55]} Kd7 {[%clk 01:07:44] [%emt 00:09:08]} Ng5
{[%clk 01:15:48] [%emt 00:03:10]} Bd5 {[%clk 00:44:31] [%emt 00:23:13]} Ne3
{[%clk 01:15:24] [%emt 00:00:24]} Re7 {[%clk 00:44:04] [%emt 00:00:27]} a5
{[%clk 01:09:08] [%emt 00:06:16]} Rae8 {[%clk 00:42:15] [%emt 00:01:48]} g3
{[%clk 00:52:39] [%emt 00:16:30]} h6 {[%clk 00:37:51] [%emt 00:04:23]} Nxd5
{[%clk 00:52:05] [%emt 00:00:33]} Ncxd5 {[%clk 00:37:47] [%emt 00:00:04]} Nxf7
{[%clk 00:50:29] [%emt 00:01:36]} Rxf7 {[%clk 00:30:39] [%emt 00:07:08]} Bxg6
{[%clk 00:50:25] [%emt 00:00:05]} Rfe7 {[%clk 00:30:31] [%emt 00:00:08]} Bxe8+
{[%clk 00:50:19] [%emt 00:00:06]} Rxe8 {[%clk 00:30:22] [%emt 00:00:09]} Rd1
{[%clk 00:47:02] [%emt 00:03:17]} Kc7 {[%clk 00:22:04] [%emt 00:08:19]} Bd2
{[%clk 00:45:59] [%emt 00:01:03]} Ne4 {[%clk 00:21:00] [%emt 00:01:03]} Re1
{[%clk 00:43:31] [%emt 00:02:27]} Kd7 {[%clk 00:19:41] [%emt 00:01:20]} Bc1
{[%clk 00:39:21] [%emt 00:04:10]} Re6 {[%clk 00:17:21] [%emt 00:02:20]} Kg2
{[%clk 00:34:44] [%emt 00:04:37]} Nc7 {[%clk 00:13:24] [%emt 00:03:56]} f3
{[%clk 00:32:32] [%emt 00:02:12]} Nf6 {[%clk 00:13:23] [%emt 00:00:01]} Bd2
{[%clk 00:31:20] [%emt 00:01:12]} Nfd5 {[%clk 00:10:28] [%emt 00:02:54]} Rxe6
{[%clk 00:30:46] [%emt 00:00:35]} Nxe6 {[%clk 00:10:03] [%emt 00:00:25]} h4
{[%clk 00:27:09] [%emt 00:03:37]} c5 {[%clk 00:09:47] [%emt 00:00:17]} dxc5
{[%clk 00:27:04] [%emt 00:00:05]} Nxc5 {[%clk 00:08:53] [%emt 00:00:54]} Rd1
{[%clk 00:25:54] [%emt 00:01:10]} Ke6 {[%clk 00:06:38] [%emt 00:02:15]} c4
{[%clk 00:24:24] [%emt 00:01:30]} Ne7 {[%clk 00:05:52] [%emt 00:00:45]} g4
{[%clk 00:13:12] [%emt 00:11:13]} Nb3 {[%clk 00:05:23] [%emt 00:00:29]} f4
{[%clk 00:09:20] [%emt 00:03:52]} Kf7 {[%clk 00:02:26] [%emt 00:02:58]} Bb4
{[%clk 00:04:00] [%emt 00:05:20]} Nc6 {[%clk 00:01:55] [%emt 00:00:30]} a6
{[%clk 00:01:49] [%emt 00:02:12]} bxa6 {[%clk 00:01:11] [%emt 00:00:44]} Bxd6
{[%clk 00:32:04] [%emt 00:00:14]} a5 {[%clk 00:30:41] [%emt 00:01:00]} Ba3
{[%clk 00:28:11] [%emt 00:04:23]} Nbd4 {[%clk 00:20:16] [%emt 00:10:55]} Kf2
{[%clk 00:24:18] [%emt 00:04:23]} a4 {[%clk 00:13:46] [%emt 00:07:00]} Ke3
{[%clk 00:22:16] [%emt 00:02:32]} h5 {[%clk 00:10:22] [%emt 00:03:54]} gxh5
{[%clk 00:22:38] [%emt 00:00:08]} Nf5+ {[%clk 00:09:10] [%emt 00:01:41]} Ke4
{[%clk 00:19:29] [%emt 00:03:40]} Ke6 {[%clk 00:09:39] [%emt 00:00:01]} Rg1
{[%clk 00:16:16] [%emt 00:03:42]} Bf6 {[%clk 00:08:43] [%emt 00:01:26]} Rg8
{[%clk 00:15:39] [%emt 00:01:07]} a5 {[%clk 00:04:38] [%emt 00:04:35]} Re8+
{[%clk 00:13:40] [%emt 00:02:29]} Nce7 {[%clk 00:04:17] [%emt 00:00:52]} Ra8
{[%clk 00:08:49] [%emt 00:05:22]} Nc6 {[%clk 00:01:52] [%emt 00:02:55]} Re8+
{[%clk 00:04:21] [%emt 00:04:58]} Nce7 {[%clk 00:02:17] [%emt 00:00:05]} Bxe7
{[%clk 00:04:24] [%emt 00:00:26]} Nxe7 {[%clk 00:01:50] [%emt 00:00:57]} Rb8
{[%clk 00:04:46] [%emt 00:00:09]} Nc6 {[%clk 00:00:56] [%emt 00:01:24]} Rb5
{[%clk 00:04:51] [%emt 00:00:24]} Kf7 {[%clk 00:00:41] [%emt 00:00:45]} h6
{[%clk 00:05:09] [%emt 00:00:12]} Nb4 {[%clk 00:00:32] [%emt 00:00:39]} Rxa5
{[%clk 00:05:24] [%emt 00:00:15]} Bxb2 {[%clk 00:00:56] [%emt 00:00:06]} Rxa4
{[%clk 00:05:30] [%emt 00:00:24]} Nc6 {[%clk 00:01:25]} Ra8 {[%clk 00:05:48]
[%emt 00:00:13]} Ne7 {[%clk 00:01:26] [%emt 00:00:29]} h7 {[%clk 00:06:08] [%emt
00:00:10]} Ng6 {[%clk 00:01:52] [%emt 00:00:04]} h5 {[%clk 00:06:29] [%emt
00:00:09]} Nh8 {[%clk 00:01:53] [%emt 00:00:29]} c5 {[%clk 00:06:48] [%emt
00:00:12]} Ke6 {[%clk 00:01:47] [%emt 00:00:35]} f5+ {[%clk 00:07:14] [%emt
00:00:04]}

[Site "Europe Echecs"]

[Event "Tata Steel Masters"]
[Date "2026.01.31"]
[White "Aravindh, Chithambaram VR."]
[Black "Giri, Anish"]
[WhiteElo "2700"]
[BlackElo "2760"]
[Round "12.12.2"]
[Result "1/2-1/2"]

e4 {[%clk 01:59:16] [%emt 00:00:37]} c5 {[%clk 01:59:56] [%emt 00:00:10]} Nf3
{[%clk 01:58:50] [%emt 00:00:25]} d6 {[%clk 01:59:51] [%emt 00:00:06]} d4 {[%clk
01:58:41] [%emt 00:00:10]} cxd4 {[%clk 01:59:48] [%emt 00:00:04]} Nxd4 {[%clk
01:58:27] [%emt 00:00:13]} Nf6 {[%clk 01:59:43] [%emt 00:00:05]} Nc3 {[%clk
01:58:14] [%emt 00:00:12]} a6 {[%clk 01:59:41] [%emt 00:00:03]} Rg1 {[%clk
01:57:28] [%emt 00:00:46]} Nc6 {[%clk 01:58:06] [%emt 00:01:35]} g4 {[%clk
01:56:29] [%emt 00:00:59]} g6 {[%clk 01:55:02] [%emt 00:03:05]} g5 {[%clk
01:55:32] [%emt 00:00:56]} Nd7 {[%clk 01:54:51] [%emt 00:00:10]} Be3 {[%clk
01:54:47] [%emt 00:00:45]} h6 {[%clk 01:54:03] [%emt 00:00:48]} h4 {[%clk
01:31:02] [%emt 00:23:44]} hxg5 {[%clk 01:53:13] [%emt 00:00:51]} hxg5 {[%clk
01:30:21] [%emt 00:00:41]} Bg7 {[%clk 01:53:07] [%emt 00:00:06]} Be2 {[%clk
01:29:30] [%emt 00:00:51]} Qa5 {[%clk 01:33:37] [%emt 00:19:30]} Qd2 {[%clk
01:26:57] [%emt 00:02:33]} Nc5 {[%clk 01:25:45] [%emt 00:07:53]} O-O-O {[%clk
01:14:23] [%emt 00:12:34]} Rh3 {[%clk 01:09:51] [%emt 00:15:54]} f3 {[%clk
00:57:22] [%emt 00:17:00]} Be6 {[%clk 00:55:39] [%emt 00:14:12]} a3 {[%clk
00:44:52] [%emt 00:12:31]} Rc8 {[%clk 00:53:40] [%emt 00:01:59]} Rh1 {[%clk
00:42:51] [%emt 00:02:01]} Rxh1 {[%clk 00:36:35] [%emt 00:17:05]} Rxh1 {[%clk
00:42:44] [%emt 00:00:05]} Na4 {[%clk 00:35:40] [%emt 00:00:56]} Nxa4 {[%clk
00:40:53] [%emt 00:01:51]} Qxa4 {[%clk 00:25:59] [%emt 00:09:42]} Nxe6 {[%clk
00:40:21] [%emt 00:00:32]} fxe6 {[%clk 00:25:58] [%emt 00:00:01]} Kb1 {[%clk
00:40:12] [%emt 00:00:09]} Kd7 {[%clk 00:24:11] [%emt 00:01:47]} Qd1 {[%clk
00:34:14] [%emt 00:05:56]} Rf8 {[%emt 00:08:43]} f4 {[%clk 00:16:52] [%emt
00:11:30]} Qxe4 {[%clk 00:21:09] [%emt 00:00:14]} Bc1 {[%clk 00:16:49] [%emt
00:00:02]} Rxf4 {[%clk 00:16:49] [%emt 00:04:20]} Bxf4 {[%clk 00:12:15] [%emt
00:04:33]} Qxf4 {[%clk 00:16:48] [%emt 00:00:01]} Qg1 {[%clk 00:12:14] [%emt
00:00:01]} Qe5 {[%clk 00:16:25] [%emt 00:00:24]} Qb6 {[%clk 00:11:53] [%emt
00:00:20]} Nd8 {[%clk 00:12:50] [%emt 00:03:35]} Bf3 {[%clk 00:11:37] [%emt
00:00:16]} d5 {[%clk 00:12:06] [%emt 00:00:45]} Ka2 {[%clk 00:07:39] [%emt
00:03:58]} Qxg5 {[%clk 00:11:36] [%emt 00:00:30]} c4 {[%clk 00:07:34] [%emt
00:00:05]} Qf4 {[%clk 00:11:07] [%emt 00:00:29]} Be2 {[%clk 00:06:24] [%emt
00:01:10]} Qe4 {[%clk 00:09:26] [%emt 00:01:41]} Re1 {[%clk 00:06:09] [%emt
00:00:15]} Qd4 {[%clk 00:08:19] [%emt 00:01:07]} Qb4 {[%clk 00:05:16] [%emt
00:00:54]} Kc8 {[%clk 00:06:54] [%emt 00:01:25]} Rd1 {[%clk 00:04:13] [%emt
00:01:03]} Nc6 {[%clk 00:04:52] [%emt 00:02:02]} Qb3 {[%clk 00:04:09] [%emt
00:00:04]} Qe5 {[%clk 00:04:33] [%emt 00:00:19]} cxd5 {[%clk 00:02:27] [%emt
00:01:43]} Nd4 {[%clk 00:04:18] [%emt 00:00:14]} Qc3+ {[%clk 00:01:00] [%emt
00:01:27]} Kb8 {[%clk 00:04:13] [%emt 00:00:05]} Bd3 {[%clk 00:00:57] [%emt
00:00:03]} exd5 {[%clk 00:04:02] [%emt 00:00:12]} Bxg6 {[%clk 00:00:48] [%emt
00:00:09]} Qf6 {[%clk 00:00:16] [%emt 00:03:46]} Qxd4 {[%clk 00:30:45] [%emt
00:00:33]} Qxd4 {[%clk 00:30:43] [%emt 00:00:03]} Rxd4 {[%clk 00:31:12] [%emt
00:00:03]} Bxd4 {[%clk 00:31:09] [%emt 00:00:04]} Bf7 {[%clk 00:31:38] [%emt
00:00:03]} Kc7 {[%clk 00:31:22] [%emt 00:00:19]} Bxd5 {[%clk 00:32:02] [%emt
00:00:05]} a5 {[%clk 00:31:46] [%emt 00:00:06]} a4 {[%clk 00:31:33] [%emt
00:00:59]} b6 {[%clk 00:32:06] [%emt 00:00:10]} Bc4 {[%clk 00:31:36] [%emt
00:00:26]} Kd6 {[%clk 00:32:34] [%emt 00:00:03]} Kb1 {[%clk 00:31:58] [%emt
00:00:08]} e5 {[%clk 00:32:29] [%emt 00:00:35]} Kc2 {[%clk 00:32:20] [%emt
00:00:07]} e4 {[%clk 00:32:57] [%emt 00:00:02]} b3 {[%clk 00:32:41] [%emt
00:00:08]} Ke5 {[%clk 00:33:24] [%emt 00:00:04]} Kd1 {[%clk 00:33:07] [%emt
00:00:04]} Kf4 {[%clk 00:33:52] [%emt 00:00:02]} Ke2 {[%clk 00:33:33] [%emt
00:00:04]} Bc5 {[%clk 00:34:21]} Bb5 {[%clk 00:33:57] [%emt 00:00:06]} Bd4
{[%clk 00:34:50]} Bc4 {[%clk 00:34:21] [%emt 00:00:08]} Bc5 {[%clk 00:35:19]}

[Site "Europe Echecs"]

[Event "Tata Steel Masters"]
[Date "2026.01.31"]
[White "Sindarov, Javokhir"]
[Black "Praggnanandhaa R"]
[WhiteElo "2726"]
[BlackElo "2758"]
[Round "12.12.3"]
[Result "1/2-1/2"]

d4 {[%clk 01:59:57] [%emt 00:00:02]} d5 {[%clk 01:58:57] [%emt 00:01:02]} c4
{[%clk 01:59:47] [%emt 00:00:10]} e6 {[%clk 01:58:53] [%emt 00:00:04]} Nc3
{[%clk 01:59:25] [%emt 00:00:23]} a6 {[%clk 01:58:44] [%emt 00:00:08]} cxd5
{[%clk 01:59:08] [%emt 00:00:17]} exd5 {[%clk 01:58:39] [%emt 00:00:05]} Nf3
{[%clk 01:59:01] [%emt 00:00:07]} Nf6 {[%clk 01:58:33] [%emt 00:00:06]} Bg5
{[%clk 01:58:24] [%emt 00:00:37]} Be6 {[%clk 01:58:22] [%emt 00:00:10]} e3
{[%clk 01:57:39] [%emt 00:00:45]} Nbd7 {[%clk 01:58:15] [%emt 00:00:07]} Bd3
{[%clk 01:54:17] [%emt 00:03:23]} h6 {[%clk 01:57:59] [%emt 00:00:15]} Bh4
{[%clk 01:53:45] [%emt 00:00:32]} g5 {[%clk 01:57:36] [%emt 00:00:22]} Bg3
{[%clk 01:53:40] [%emt 00:00:06]} Nh5 {[%clk 01:57:32] [%emt 00:00:04]} Be5
{[%clk 01:52:33] [%emt 00:01:07]} Nhf6 {[%clk 01:57:26] [%emt 00:00:06]} Bg3
{[%clk 01:34:35] [%emt 00:17:58]} Nh5 {[%clk 01:57:09] [%emt 00:00:16]} Be5
{[%clk 01:25:05] [%emt 00:09:30]} Nhf6 {[%clk 01:56:39] [%emt 00:00:30]} Bg3
{[%clk 01:25:03] [%emt 00:00:02]}

[Site "Europe Echecs"]

[Event "Tata Steel Masters"]
[Date "2026.01.31"]
[White "Abdusattorov, Nodirbek"]
[Black "Bluebaum, Matthias"]
[WhiteElo "2751"]
[BlackElo "2679"]
[Round "12.12.4"]
[Result "1-0"]

c4 {[%clk 01:58:39] [%emt 00:01:20]} e6 {[%clk 01:59:46] [%emt 00:00:15]} Nc3
{[%clk 01:58:12] [%emt 00:00:27]} d5 {[%clk 01:59:31] [%emt 00:00:14]} d4 {[%clk
01:58:03] [%emt 00:00:09]} Nf6 {[%clk 01:59:25] [%emt 00:00:06]} cxd5 {[%clk
01:57:30] [%emt 00:00:33]} exd5 {[%clk 01:59:16] [%emt 00:00:09]} Bg5 {[%clk
01:57:07] [%emt 00:00:23]} Be7 {[%clk 01:59:00] [%emt 00:00:15]} e3 {[%clk
01:56:25] [%emt 00:00:41]} h6 {[%clk 01:58:53] [%emt 00:00:08]} Bh4 {[%clk
01:55:37] [%emt 00:00:48]} O-O {[%clk 01:58:08] [%emt 00:00:46]} Bd3 {[%clk
01:54:54] [%emt 00:00:42]} Re8 {[%clk 01:58:01] [%emt 00:00:07]} Nge2 {[%clk
01:53:41] [%emt 00:01:13]} c6 {[%clk 01:57:50] [%emt 00:00:12]} Qc2 {[%clk
01:53:16] [%emt 00:00:24]} Nbd7 {[%clk 01:57:02] [%emt 00:00:47]} h3 {[%clk
01:52:20] [%emt 00:00:56]} Nf8 {[%clk 01:54:19] [%emt 00:02:43]} Bg3 {[%clk
01:50:31] [%emt 00:01:49]} Ne6 {[%clk 01:43:10] [%emt 00:11:09]} O-O {[%clk
01:47:26] [%emt 00:03:05]} Bd6 {[%clk 01:37:59] [%emt 00:05:12]} Be5 {[%clk
01:41:00] [%emt 00:06:25]} Bxe5 {[%clk 01:30:51] [%emt 00:07:09]} dxe5 {[%clk
01:40:53] [%emt 00:00:07]} Nd7 {[%clk 01:30:41] [%emt 00:00:09]} f4 {[%clk
01:40:45] [%emt 00:00:08]} Nec5 {[%clk 01:26:27] [%emt 00:04:14]} Bh7+ {[%clk
01:33:24] [%emt 00:07:21]} Kh8 {[%clk 01:26:05] [%emt 00:00:23]} b4 {[%clk
01:17:18] [%emt 00:16:06]} Nf8 {[%clk 01:18:20] [%emt 00:07:45]} bxc5 {[%clk
01:14:49] [%emt 00:02:28]} Nxh7 {[%clk 01:18:11] [%emt 00:00:08]} e4 {[%clk
01:04:13] [%emt 00:10:36]} Qa5 {[%clk 01:12:45] [%emt 00:05:26]} exd5 {[%clk
01:01:30] [%emt 00:02:43]} Qxc5+ {[%clk 01:12:25] [%emt 00:00:20]} Kh1 {[%clk
00:59:01] [%emt 00:02:28]} cxd5 {[%clk 01:12:05] [%emt 00:00:21]} Qd2 {[%clk
00:47:52] [%emt 00:11:09]} Bd7 {[%clk 01:03:56] [%emt 00:08:09]} Rac1 {[%clk
00:47:11] [%emt 00:00:41]} Qa5 {[%clk 01:01:45] [%emt 00:02:12]} Qb2 {[%clk
00:40:15] [%emt 00:06:55]} Qb6 {[%clk 00:57:22] [%emt 00:04:23]} Qd2 {[%clk
00:38:02] [%emt 00:02:13]} Qa5 {[%clk 00:56:32] [%emt 00:00:50]} Nd4 {[%clk
00:37:21] [%emt 00:00:41]} f6 {[%clk 00:52:03] [%emt 00:04:30]} Qb2 {[%clk
00:28:59] [%emt 00:08:22]} fxe5 {[%clk 00:48:21] [%emt 00:03:42]} fxe5 {[%clk
00:28:43] [%emt 00:00:16]} Rxe5 {[%clk 00:45:52] [%emt 00:02:28]} Rf7 {[%clk
00:28:08] [%emt 00:00:36]} Nf6 {[%clk 00:43:06] [%emt 00:02:47]} Rf1 {[%clk
00:28:07]} Qc7 {[%clk 00:34:51] [%emt 00:08:14]} Ncb5 {[%clk 00:19:05] [%emt
00:09:02]} Qc4 {[%clk 00:30:01] [%emt 00:04:50]} R1xf6 {[%clk 00:18:32] [%emt
00:00:32]} gxf6 {[%clk 00:29:52] [%emt 00:00:10]} Qf2 {[%clk 00:15:17] [%emt
00:03:14]} Qc1+ {[%clk 00:11:23] [%emt 00:18:29]} Kh2 {[%clk 00:15:01] [%emt
00:00:15]} Qg5 {[%clk 00:04:09] [%emt 00:07:15]} Rxd7 {[%clk 00:14:54] [%emt
00:00:07]} Re4 {[%clk 00:01:24] [%emt 00:02:45]} Nd6 {[%clk 00:14:12] [%emt
00:00:41]} Qe5+ {[%clk 00:00:19] [%emt 00:01:05]} g3 {[%clk 00:14:07] [%emt
00:00:05]} Qxd4 {[%clk 00:00:08] [%emt 00:00:11]} Nxe4 {[%clk 00:14:02] [%emt
00:00:05]} Qxf2+ {[%clk 00:00:07] [%emt 00:00:01]} Nxf2 {[%clk 00:44:25] [%emt
00:00:06]} Rc8 {[%clk 00:30:36] [%emt 00:00:01]} Rxb7 {[%clk 00:43:04] [%emt
00:01:52]} Rc2 {[%clk 00:31:02] [%emt 00:00:04]} Kg1 {[%clk 00:43:30] [%emt
00:00:03]} Rxa2 {[%clk 00:31:27] [%emt 00:00:06]} Ng4 {[%clk 00:43:55] [%emt
00:00:05]}

[Site "Europe Echecs"]

[Event "Tata Steel Masters"]
[Date "2026.01.31"]
[White "Van Foreest, Jorden"]
[Black "Erigaisi Arjun"]
[WhiteElo "2703"]
[BlackElo "2775"]
[Round "12.12.5"]
[Result "1/2-1/2"]

e4 {[%clk 01:59:58] [%emt 00:00:01]} e5 {[%clk 01:56:59] [%emt 00:02:49]} Nc3
{[%clk 01:59:51] [%emt 00:00:19]} Nc6 {[%clk 01:56:19] [%emt 00:00:40]} Bc4
{[%clk 01:59:17] [%emt 00:00:34]} Nf6 {[%clk 01:56:00] [%emt 00:00:20]} d3
{[%clk 01:58:44] [%emt 00:00:32]} Bb4 {[%clk 01:54:44] [%emt 00:01:16]} Bd2
{[%clk 01:57:28] [%emt 00:01:16]} O-O {[%clk 01:49:08] [%emt 00:05:37]} Nge2
{[%clk 01:54:28] [%emt 00:03:00]} Na5 {[%clk 01:45:14] [%emt 00:03:55]} a3
{[%clk 01:54:07] [%emt 00:00:21]} Nxc4 {[%clk 01:45:07] [%emt 00:00:06]} dxc4
{[%clk 01:52:14] [%emt 00:01:54]} Bc5 {[%clk 01:45:01] [%emt 00:00:05]} Ng3
{[%clk 01:51:32] [%emt 00:00:42]} d6 {[%clk 01:44:36] [%emt 00:00:26]} Qe2
{[%clk 01:50:02] [%emt 00:01:29]} a6 {[%clk 01:43:11] [%emt 00:01:26]} Nf5
{[%clk 01:37:02] [%emt 00:13:00]} Bxf5 {[%clk 01:31:03] [%emt 00:12:09]} exf5
{[%clk 01:36:54] [%emt 00:00:08]} Bd4 {[%clk 01:30:53] [%emt 00:00:10]} g4
{[%clk 01:24:27] [%emt 00:12:27]} d5 {[%clk 01:27:39] [%emt 00:03:14]} O-O-O
{[%clk 01:20:30] [%emt 00:03:58]} c6 {[%clk 01:26:22] [%emt 00:01:17]} h4 {[%clk
00:56:26] [%emt 00:24:03]} Re8 {[%clk 01:15:49] [%emt 00:10:33]} g5 {[%clk
00:54:50] [%emt 00:01:36]} Bxc3 {[%clk 01:15:02] [%emt 00:00:47]} Bxc3 {[%clk
00:54:41] [%emt 00:00:09]} Ne4 {[%clk 01:14:53] [%emt 00:00:08]} Be1 {[%clk
00:54:11] [%emt 00:00:31]} b5 {[%clk 01:03:21] [%emt 00:11:31]} cxd5 {[%clk
00:53:55] [%emt 00:00:16]} cxd5 {[%clk 01:03:17] [%emt 00:00:04]} Qd3 {[%clk
00:46:11] [%emt 00:07:43]} Qc8 {[%clk 00:56:13] [%emt 00:07:04]} f6 {[%clk
00:45:55] [%emt 00:00:16]} Rd8 {[%clk 00:54:59] [%emt 00:01:14]} fxg7 {[%clk
00:44:05] [%emt 00:01:50]} a5 {[%clk 00:43:19] [%emt 00:11:40]} h5 {[%clk
00:33:22] [%emt 00:10:44]} Nxg5 {[%clk 00:42:04] [%emt 00:01:14]} f4 {[%clk
00:33:16] [%emt 00:00:06]} e4 {[%clk 00:24:08] [%emt 00:17:57]} Qxb5 {[%clk
00:32:13] [%emt 00:01:03]} Rb8 {[%clk 00:22:11] [%emt 00:01:57]} Qxa5 {[%clk
00:28:19] [%emt 00:03:54]} Qb7 {[%clk 00:21:47] [%emt 00:00:24]} Qb4 {[%clk
00:24:59] [%emt 00:03:21]} Qc7 {[%clk 00:19:11] [%emt 00:02:36]} Qc3 {[%clk
00:22:36] [%emt 00:02:23]} Qxf4+ {[%clk 00:19:05] [%emt 00:00:06]} Bd2 {[%clk
00:22:13] [%emt 00:00:23]} Qf5 {[%clk 00:18:55] [%emt 00:00:10]} Bxg5 {[%clk
00:19:59] [%emt 00:02:14]} Qxg5+ {[%clk 00:18:51] [%emt 00:00:04]} Kb1 {[%clk
00:19:48] [%emt 00:00:11]} Rbc8 {[%clk 00:16:15] [%emt 00:02:36]} Qd4 {[%clk
00:18:06] [%emt 00:01:42]} Qg2 {[%clk 00:13:31] [%emt 00:02:45]} Qa4 {[%clk
00:12:19] [%emt 00:05:47]} Ra8 {[%clk 00:11:19] [%emt 00:02:11]} Qd4 {[%clk
00:11:06] [%emt 00:01:12]} Rac8 {[%clk 00:11:07] [%emt 00:00:13]} Qa4 {[%clk
00:11:01] [%emt 00:00:05]} Ra8 {[%clk 00:10:11] [%emt 00:00:56]} Qd4 {[%clk
00:10:37]}

[Site "Europe Echecs"]

[Event "Tata Steel Masters"]
[Date "2026.01.31"]
[White "Erdogmus, Yagiz Kaan"]
[Black "Fedoseev, Vladimir"]
[WhiteElo "2658"]
[BlackElo "2705"]
[Round "12.12.7"]
[Result "1-0"]

e4 {[%clk 01:59:59] [%emt 00:00:25]} e5 {[%clk 01:59:52] [%emt 00:00:06]} Nf3
{[%clk 01:59:57] [%emt 00:00:04]} Nf6 {[%clk 01:59:41] [%emt 00:00:08]} Nxe5
{[%clk 01:59:54] [%emt 00:00:06]} d6 {[%clk 01:59:35] [%emt 00:00:07]} Nf3
{[%clk 01:59:51] [%emt 00:00:03]} Nxe4 {[%clk 01:59:27] [%emt 00:00:06]} d4
{[%clk 01:59:49] [%emt 00:00:03]} d5 {[%clk 01:59:19] [%emt 00:00:08]} Bd3
{[%clk 01:59:46] [%emt 00:00:04]} Bd6 {[%clk 01:59:11] [%emt 00:00:07]} O-O
{[%clk 01:59:35] [%emt 00:00:12]} O-O {[%clk 01:59:05] [%emt 00:00:06]} c4
{[%clk 01:59:30] [%emt 00:00:05]} c6 {[%clk 01:58:57] [%emt 00:00:08]} Re1
{[%clk 01:59:26] [%emt 00:00:04]} Re8 {[%clk 01:58:50] [%emt 00:00:07]} Qb3
{[%clk 01:58:23] [%emt 00:01:03]} Na6 {[%clk 01:58:10] [%emt 00:00:40]} a3
{[%clk 01:31:46] [%emt 00:26:37]} h6 {[%clk 01:50:00] [%emt 00:08:10]} Nbd2
{[%clk 01:18:20] [%emt 00:13:26]} Nf6 {[%clk 01:43:09] [%emt 00:06:51]} Rxe8+
{[%clk 01:16:14] [%emt 00:02:06]} Qxe8 {[%clk 01:43:02] [%emt 00:00:07]} c5
{[%clk 01:12:32] [%emt 00:03:42]} Bc7 {[%clk 01:34:23] [%emt 00:08:38]} Nf1
{[%clk 01:06:44] [%emt 00:05:48]} Nb8 {[%clk 01:25:58] [%emt 00:08:24]} Ng3
{[%clk 01:05:29] [%emt 00:01:15]} Ne4 {[%clk 01:15:34] [%emt 00:10:24]} Nh5
{[%clk 00:38:31] [%emt 00:26:58]} Bd8 {[%clk 01:04:33] [%emt 00:11:02]} Bf4
{[%clk 00:36:08] [%emt 00:02:23]} g5 {[%clk 00:53:53] [%emt 00:10:39]} Bc7
{[%clk 00:34:27] [%emt 00:01:41]} Bxc7 {[%clk 00:50:28] [%emt 00:03:25]} Bxe4
{[%clk 00:34:25] [%emt 00:00:02]} Nd7 {[%clk 00:46:52] [%emt 00:03:36]} Bf5
{[%clk 00:26:28] [%emt 00:07:58]} Qd8 {[%clk 00:46:03] [%emt 00:00:48]} Re1
{[%clk 00:23:03] [%emt 00:03:25]} Kh8 {[%clk 00:35:01] [%emt 00:11:03]} Qe3
{[%clk 00:16:44] [%emt 00:06:19]} Nf8 {[%clk 00:34:30] [%emt 00:00:30]} Ne5
{[%clk 00:15:58] [%emt 00:00:46]} Qe7 {[%clk 00:33:56] [%emt 00:00:34]} Bxc8
{[%clk 00:11:39] [%emt 00:04:19]} Rxc8 {[%clk 00:32:32] [%emt 00:01:24]} Qh3
{[%clk 00:10:20] [%emt 00:01:19]} Re8 {[%clk 00:30:42] [%emt 00:01:50]} Ng3
{[%clk 00:09:35] [%emt 00:00:45]} Kh7 {[%clk 00:30:13] [%emt 00:00:28]} Nf5
{[%clk 00:08:05] [%emt 00:01:30]} Qe6 {[%clk 00:26:11] [%emt 00:04:02]} Re3
{[%clk 00:07:32] [%emt 00:00:33]} Qf6 {[%clk 00:21:18] [%emt 00:04:53]} Nxh6
{[%clk 00:06:37] [%emt 00:00:55]} Qxh6 {[%clk 00:15:57] [%emt 00:05:21]} Qf5+
{[%clk 00:06:36] [%emt 00:00:01]} Ng6 {[%clk 00:15:39] [%emt 00:00:18]} Qxf7+
{[%clk 00:06:32] [%emt 00:00:04]} Qg7 {[%clk 00:15:33] [%emt 00:00:05]} Qxe8
{[%clk 00:06:19] [%emt 00:00:13]} Bxe5 {[%clk 00:15:11] [%emt 00:00:22]} Rh3+
{[%clk 00:06:01] [%emt 00:00:19]} Nh4 {[%clk 00:15:06] [%emt 00:00:05]} dxe5
{[%clk 00:05:50] [%emt 00:00:11]} Kh6 {[%clk 00:15:00] [%emt 00:00:06]} g3
{[%clk 00:05:11] [%emt 00:00:39]} Qh7 {[%clk 00:14:36] [%emt 00:00:22]} Qe6+
{[%clk 00:05:05] [%emt 00:00:07]} Kh5 {[%clk 00:14:26] [%emt 00:00:10]} g4#
{[%clk 00:05:01] [%emt 00:00:04]}

[Site "Europe Echecs"]